Analýza dôchodkovosti a ziskovosti JRD Západoslovenského kraja

Podrobná bibliografia
Hlavní autori: Branický, Milan (Autor), Lazarček, Juraj (Autor)
Médium: Článok
Jazyk:slovenčina
PhysicalDescription:Tb. 3. Res. rus., angl.
Predmet:

MARC

LEADER 00000nab a2200000 a 4500
001 vtls000089780
003 SK-MaSNL
005 20260303032147.0
008 111031c1981 xo 0 slo
015 |a SNBRA19rr/mm-uuuuu 
035 |a CL0099883 
040 |a SNKBUCL  |b slo  |c SNKBUCL  |e AACR2 
041 0 |a slo 
044 |a xo  |c SK 
080 |a 631.1  |2 1981 
100 1 |a Branický, Milan  |4 aut  |9 6006 
245 1 0 |a Analýza dôchodkovosti a ziskovosti JRD Západoslovenského kraja  |c Milan Branický, Juraj Lazarček 
300 |b Tb. 3. Res. rus., angl. 
650 0 7 |a družstvá roľnícke  |2 snkbucl  |9 881518 
651 7 |a 5200  |2 snkbucl  |9 352126 
655 7 |a články zo zborníkov  |2 snkbucl  |9 166140 
700 1 |a Lazarček, Juraj  |4 aut  |9 1014768 
773 0 |t Acta operativo-oeconomica 36  |d Bratislava : Príroda, 1981  |g S. 31-40 
850 |a Slovenská národná knižnica v Martine  |a MTA001 
852 |a SNK  |b KIS3GCP 
958 |a RK 
992 |a RZB 
999 |c 1662713  |d 1664643